[Event "Women's Speed Chess Q1"]
[Site "chess.com INT"]
[Date "2021.05.28"]
[Round "5"]
[White "Purtseladze, Maka"]
[Black "Makhija, Aashna"]
[Result "1-0"]
[WhiteTitle "IM"]
[BlackTitle "WIM"]
[WhiteElo "2274"]
[BlackElo "1969"]
[WhiteFideId "13602659"]
[BlackFideId "25011944"]
[EventDate "2021.05.28"]

1. d4 Nf6 2. Bg5 d5 3. e3 e6 4. Bd3 Be7 5. Nd2 b6 6. Qe2 Bb7 7. Bxf6 Bxf6 8. f4
c5 9. c3 Nd7 10. Ngf3 Be7 11. Ne5 Nf6 12. Bb5+ Kf8 13. O-O a6 14. Bc6 Bxc6 15.
Nxc6 Qc7 16. Ne5 g6 17. Ndf3 h6 18. Ng5 hxg5 19. fxg5 Kg7 20. gxf6+ Bxf6 21.
Rxf6 Kxf6 22. Rf1+ Kg7 23. Rxf7+ Qxf7 24. Nxf7 Kxf7 25. Qf3+ Kg7 26. Qg3 Rac8
27. Qe5+ Kf7 28. Qd6 cxd4 29. exd4 Kf6 30. Qxb6 Rb8 31. Qd6 Rhd8 32. Qe5+ Ke7
33. Qg7+ Kd6 34. b3 Rbc8 35. Qe5+ Kd7 36. Qg3 Rc6 37. h4 Rdc8 38. c4 dxc4 39.
bxc4 Rxc4 40. Qxg6 Rc1+ 41. Kh2 Rd1 42. h5 Rcc1 43. Qg7+ Kd6 44. Qe5+ Kd7 45. h6
Rh1+ 46. Kg3 Rc3+ 47. Kg4 Rc2 48. g3 Rch2 49. Qg7+ Kd6 50. Kg5 Rxh6 51. Qxh6
Rxh6 52. Kxh6 Kd5 53. g4 Kxd4 54. g5 e5 55. g6 e4 56. g7 e3 57. g8=Q e2 58. Qe8
Kd3 59. Qd7+ Kc2 60. Qe6 Kd1 61. Qd6+ Kc1 62. Qe5 Kd1 63. Qd4+ Kc1 64. Qe3+ Kd1
65. Qd3+ Ke1 66. Kg5 Kf2 67. Qf5+ Kg2 68. Qg4+ Kf2 69. Qf4+ Kg2 70. Qe3 Kf1 71.
Qf3+ Kg1 72. Qxe2 1-0

[Event "Women's Speed Chess Q1"]
[Site "chess.com INT"]
[Date "2021.05.28"]
[Round "5"]
[White "Mrudul, Dehankar"]
[Black "Nikolova, Adriana"]
[Result "0-1"]
[WhiteTitle "WIM"]
[BlackTitle "WGM"]
[WhiteElo "2256"]
[BlackElo "2243"]
[WhiteFideId "25096990"]
[BlackFideId "2908689"]
[EventDate "2021.05.28"]

1. e4 c6 2. d4 d5 3. Nc3 dxe4 4. Nxe4 Nf6 5. Nxf6+ exf6 6. Be3 Bd6 7. Nf3 O-O 8.
Qd2 Re8 9. O-O-O Nd7 10. Bd3 Nf8 11. Kb1 Be6 12. c4 Kh8 13. h3 Rb8 14. d5 cxd5
15. cxd5 Bd7 16. Nd4 a5 17. Nb5 Bxb5 18. Bxb5 Re7 19. a3 Ng6 20. Rc1 f5 21. g3
Rc7 22. Rxc7 Qxc7 23. Rc1 Qd8 24. Qc2 f4 25. gxf4 Bxf4 26. Qf5 Bxe3 27. fxe3 Ne7
28. Qxf7 Qxd5 29. Qxe7 Qxb5 30. Rg1 Qd3+ 31. Ka1 Rg8 32. e4 Qxh3 33. e5 Qh2 34.
Rc1 Qd2 35. Rb1 Qd8 36. Qf7 Qb8 37. Qh5 Re8 38. Rh1 h6 39. Re1 Qd8 40. e6 Qe7
41. Qg6 b6 42. Rg1 Rd8 43. Re1 Rd6 44. Qe4 Rd8 45. Qe5 Re8 46. Qe4 Rf8 47. Qe3
Rf6 48. Qxb6 Kh7 49. Qb8 Rxe6 50. Rc1 Re1 51. Qc8 Rxc1+ 52. Qxc1 Qe4 53. Qc5 Qg6
54. Qxa5 h5 55. Qc3 h4 56. a4 Qg3 57. Qc2+ Kh6 58. Qc1+ Kh5 59. Qd1+ Kh6 60.
Qd2+ g5 61. a5 h3 62. Qc2 h2 63. Qc6+ Kh5 64. Qe8+ Kg4 65. Qd7+ Kh4 66. Qh7+ Kg4
67. Qd7+ Kf4 68. Qc6 Qg1+ 69. Ka2 h1=Q 70. Qd6+ Ke3 71. Qc5+ Ke2 72. Qc2+ Kf3
73. Qf5+ Ke3 74. Qc5+ Kf4 75. Qc4+ Qe4 76. Qf7+ Kg4 77. Qd7+ Qf5 0-1

[Event "Women's Speed Chess Q1"]
[Site "chess.com INT"]
[Date "2021.05.28"]
[Round "5"]
[White "Sliwicka, Alicja"]
[Black "Vaishali, R"]
[Result "0-1"]
[WhiteTitle "WIM"]
[BlackTitle "WGM"]
[WhiteElo "2346"]
[BlackElo "2393"]
[WhiteFideId "1150677"]
[BlackFideId "5091756"]
[EventDate "2021.05.28"]

1. e4 c5 2. Nf3 Nf6 3. Nc3 d5 4. exd5 Nxd5 5. Nxd5 Qxd5 6. Be2 Nc6 7. O-O Bg4 8.
h3 Bh5 9. d3 e6 10. Bf4 Be7 11. Qd2 O-O 12. Rae1 Qxa2 13. b3 Qa5 14. Qe3 Qc3 15.
Ne5 Bxe2 16. Nxc6 bxc6 17. Rxe2 Qd4 18. Qg3 Bf6 19. Re4 Qd5 20. Rfe1 a5 21. Be5
Bxe5 22. Rxe5 Qd6 23. Qe3 a4 24. bxa4 c4 25. a5 Rfd8 26. dxc4 Qb4 27. Qc5 Qa4
28. h4 h6 29. g3 Qxc2 30. Qxc6 Rdc8 31. Qe4 Qc3 32. Rb1 Rxa5 33. Rxa5 Qxa5 34.
Rb7 Qa8 35. Qf3 Rc7 36. Rb3 Qxf3 37. Rxf3 Rxc4 38. Kg2 Rd4 39. Rb3 g6 40. Rb8+
Kg7 41. Rb3 Kf6 42. Rf3+ Ke7 43. Rb3 e5 44. Rb8 Ke6 45. Rb3 Rd6 46. Rf3 f5 47.
Ra3 Kf6 48. Rb3 e4 49. Ra3 Ke5 50. Ra5+ Kf6 51. Ra3 g5 52. hxg5+ hxg5 53. Rb3
Ke5 54. Rb5+ Rd5 55. Rb3 Kd4 56. Ra3 Kc4 57. Ra4+ Kd3 58. Ra3+ Ke2 59. Re3+ Kd2
60. Ra3 Rd3 61. Ra5 Rf3 62. Rb5 Ke1 63. Rb1+ Ke2 64. Rb2+ Kd1 65. Rb1+ Kc2 66.
Rb6 Kc3 67. Rg6 Kd3 68. Ra6 Kc4 69. Ra4+ Kd5 70. Ra5+ Kc4 71. Ra4+ Kb5 72. Ra2
Kc5 73. Rc2+ Kd4 74. Ra2 Rc3 75. Ra5 Rc5 76. Ra4+ Rc4 77. Ra5 f4 78. gxf4 gxf4
79. Rf5 f3+ 80. Kg3 Kd3 81. Rd5+ Ke2 82. Re5 Rd4 83. Re8 Kf1 84. Re7 Ke2 85. Re8
Kd3 86. Re7 Rd6 87. Rg7 Re6 88. Rd7+ Ke2 89. Rg7 Re8 90. Rg6 e3 91. fxe3 f2 92.
Rf6 f1=Q 93. Rxf1 Kxf1 0-1

[Event "Women's Speed Chess Q1"]
[Site "chess.com INT"]
[Date "2021.05.28"]
[Round "6"]
[White "Harika, Dronavalli"]
[Black "Assaubayeva, Bibisara"]
[Result "1-0"]
[WhiteTitle "GM"]
[BlackTitle "IM"]
[WhiteElo "2515"]
[BlackElo "2381"]
[WhiteFideId "5015197"]
[BlackFideId "13708694"]
[EventDate "2021.05.28"]

1. Nf3 Nf6 2. g3 g6 3. b3 Bg7 4. Bb2 O-O 5. Bg2 d5 6. c4 dxc4 7. bxc4 c5 8. O-O
Nc6 9. d3 Qc7 10. Nc3 a6 11. Rb1 Bg4 12. h3 Bd7 13. a3 Rad8 14. Qc1 Qc8 15. Kh2
Bf5 16. Nd5 Nxd5 17. Bxg7 Kxg7 18. cxd5 Nb8 19. Qb2+ Kg8 20. Qxb7 Nd7 21. Qxc8
Rxc8 22. e4 1-0

[Event "Women's Speed Chess Q1"]
[Site "chess.com INT"]
[Date "2021.05.28"]
[Round "6"]
[White "Martynkova, Olena"]
[Black "Chitlange, Sakshi"]
[Result "1-0"]
[WhiteTitle "WIM"]
[BlackTitle "WIM"]
[WhiteElo "2195"]
[BlackElo "2167"]
[WhiteFideId "14134039"]
[BlackFideId "35002899"]
[EventDate "2021.05.28"]

1. d4 Nf6 2. Nf3 e6 3. c4 Bb4+ 4. Bd2 Qe7 5. g3 Nc6 6. Nc3 O-O 7. Bg2 Na5 8. b3
b6 9. O-O Bb7 10. Qc2 d5 11. cxd5 exd5 12. e3 Ba6 13. Rfc1 Bd6 14. Ng5 g6 15. e4
Nxe4 16. Nxd5 1-0

[Event "Women's Speed Chess Q1"]
[Site "chess.com INT"]
[Date "2021.05.28"]
[Round "6"]
[White "Dubnikova, Anastasia"]
[Black "Kiolbasa, Oliwia"]
[Result "1/2-1/2"]
[WhiteTitle "WFM"]
[BlackTitle "WIM"]
[WhiteElo "2197"]
[BlackElo "2255"]
[WhiteFideId "44153759"]
[BlackFideId "1154613"]
[EventDate "2021.05.28"]

1. d4 d5 2. Nc3 Nf6 3. Bg5 Nbd7 4. Nf3 e6 5. Bxf6 Nxf6 6. Ne5 Bd6 7. e3 O-O 8.
f4 Bb4 9. Bd3 Ne4 10. O-O Bxc3 11. bxc3 Nxc3 12. Bxh7+ Kxh7 13. Qh5+ Kg8 14. Rf3
Qf6 15. Rh3 Qh6 16. Qg4 Qf6 17. Qh5 Qh6 1/2-1/2

[Event "Women's Speed Chess Q1"]
[Site "chess.com INT"]
[Date "2021.05.28"]
[Round "6"]
[White "Sviridova, Vlada"]
[Black "Singgih, Diajeng Theresa"]
[Result "1-0"]
[WhiteTitle "WFM"]
[BlackTitle "WFM"]
[WhiteElo "2144"]
[BlackElo "1972"]
[WhiteFideId "24109606"]
[BlackFideId "7104391"]
[EventDate "2021.05.28"]

1. d4 d5 2. c4 dxc4 3. Nf3 Nf6 4. e3 e6 5. Bxc4 Bd6 6. Nc3 O-O 7. O-O b6 8. e4
Be7 9. e5 Nd5 10. Qe2 Bb7 11. a3 Nd7 12. Nxd5 exd5 13. Ba2 c5 14. e6 Nf6 15.
exf7+ Rxf7 16. Ng5 c4 17. Qe6 Qf8 18. Re1 h6 19. Nxf7 Qxf7 20. Qxe7 Ne4 21.
Qxf7+ Kxf7 22. f3 1-0

[Event "Women's Speed Chess Q1"]
[Site "chess.com INT"]
[Date "2021.05.28"]
[Round "6"]
[White "Koridze, Lile"]
[Black "Gaponenko, Inna"]
[Result "0-1"]
[WhiteTitle "WFM"]
[BlackTitle "IM"]
[WhiteElo "2016"]
[BlackElo "2357"]
[WhiteFideId "13612514"]
[BlackFideId "14101181"]
[EventDate "2021.05.28"]

1. d4 g6 2. c4 Bg7 3. Nc3 c5 4. e3 Nf6 5. Nf3 O-O 6. Bd3 cxd4 7. exd4 d5 8. c5
Nc6 9. O-O Bg4 10. Be3 b6 11. cxb6 Qxb6 12. b3 Bxf3 13. Qxf3 Nxd4 14. Qf4 Nh5
15. Qh4 Qb4 16. Bxd4 Qxd4 17. Qxd4 Bxd4 18. Rac1 e6 19. g3 Rfc8 20. Nb5 Bb6 21.
Nd6 Rxc1 22. Rxc1 Nf6 23. b4 Ng4 24. Rc2 Rd8 25. Nb5 Ne5 26. Be2 d4 27. Rd2 d3
28. Bd1 Nc4 0-1

[Event "Women's Speed Chess Q1"]
[Site "chess.com INT"]
[Date "2021.05.28"]
[Round "6"]
[White "Frattini, Beatriz Maria"]
[Black "Dhyana, Patel"]
[Result "0-1"]
[WhiteTitle "WCM"]
[BlackTitle "WFM"]
[WhiteElo "1854"]
[BlackElo "1947"]
[WhiteFideId "22715002"]
[BlackFideId "35006908"]
[EventDate "2021.05.28"]

1. e4 c5 2. Nf3 Nc6 3. d4 cxd4 4. Nxd4 g6 5. Nc3 Bg7 6. Be3 Nf6 7. Bc4 O-O 8.
Bb3 a5 9. O-O a4 10. Nxa4 Nxe4 11. Nb5 d5 12. Nb6 Ra5 13. Nxc8 Rxb5 14. Na7 Nxa7
15. Bxa7 b6 16. c4 Ra5 17. Bxb6 Qxb6 18. cxd5 Bxb2 19. Rb1 Nc3 20. Qe1 Nxb1 21.
Qxb1 Be5 22. Re1 Bd6 23. h4 Rc8 24. h5 Rb8 25. Qe4 Qb4 26. Qf3 Qxe1# 0-1

[Event "Women's Speed Chess Q1"]
[Site "chess.com INT"]
[Date "2021.05.28"]
[Round "6"]
[White "Bommini, Mounika Akshaya"]
[Black "Ovezdurdiyeva, Jemal"]
[Result "0-1"]
[WhiteTitle "WFM"]
[BlackTitle "WFM"]
[WhiteElo "2029"]
[BlackElo "2061"]
[WhiteFideId "25019872"]
[BlackFideId "14001888"]
[EventDate "2021.05.28"]

1. d4 Nf6 2. c4 g6 3. Nc3 Bg7 4. e4 d6 5. f4 O-O 6. Nf3 e5 7. d5 exf4 8. Bxf4
Qe7 9. Bd3 Nxe4 10. Bxe4 Bxc3+ 11. bxc3 Qxe4+ 12. Qe2 Qxf4 13. O-O Qh6 14. Nd4
Nd7 15. Rae1 Ne5 16. h3 b6 17. Rf6 Ba6 18. Nf5 Qg5 19. Ne7+ Kg7 0-1

[Event "Women's Speed Chess Q1"]
[Site "chess.com INT"]
[Date "2021.05.28"]
[Round "6"]
[White "Berend, Elvira"]
[Black "Avramidou, Anastasia"]
[Result "1/2-1/2"]
[WhiteTitle "WGM"]
[BlackTitle "FM"]
[WhiteElo "2326"]
[BlackElo "2238"]
[WhiteFideId "4000510"]
[BlackFideId "4239873"]
[EventDate "2021.05.28"]

1. e4 e6 2. d4 d5 3. Nc3 Bb4 4. e5 c5 5. a3 Bxc3+ 6. bxc3 Qa5 7. Bd2 Qa4 8. Nf3
Nc6 9. dxc5 Nge7 10. Bd3 Ng6 11. Bxg6 hxg6 12. h3 Qe4+ 13. Qe2 Qxe2+ 14. Kxe2
Bd7 15. Be3 Rc8 16. Bd4 Ke7 17. Ke3 f6 18. h4 Kf7 19. Rab1 Rc7 20. g4 Rhc8 21.
h5 gxh5 22. Rxh5 Nxd4 23. cxd4 b6 24. exf6 gxf6 25. Rh7+ Kf8 26. Rbh1 Be8 1/2-1/2

[Event "Women's Speed Chess Q1"]
[Site "chess.com INT"]
[Date "2021.05.28"]
[Round "6"]
[White "Li, Xueyi"]
[Black "Von Herman, Brigitte"]
[Result "1-0"]
[WhiteTitle "WGM"]
[BlackTitle "WFM"]
[WhiteElo "2328"]
[BlackElo "1991"]
[WhiteFideId "8605912"]
[BlackFideId "4628730"]
[EventDate "2021.05.28"]

1. d4 d5 2. c4 Nc6 3. Nf3 Bg4 4. cxd5 Qxd5 5. e3 e5 6. Nc3 Bb4 7. Be2 Nf6 8. O-O
Bxc3 9. bxc3 O-O 10. c4 Qd7 11. Nxe5 Nxe5 12. dxe5 Qxd1 13. Bxd1 Bxd1 14. Rxd1
Ne4 15. Bb2 Rfd8 16. f3 Nc5 17. Bd4 Ne6 18. f4 g6 19. Kf2 Rd7 20. Ke2 Rad8 21.
Bc3 Rxd1 22. Rxd1 Kf8 23. Rxd8+ Nxd8 24. g4 Ne6 25. h4 Nd8 26. f5 Ke7 27. Kf3 b6
28. Kf4 Nb7 29. Kg5 Kf8 30. Kf6 h6 31. fxg6 1-0

[Event "Women's Speed Chess Q1"]
[Site "chess.com INT"]
[Date "2021.05.28"]
[Round "6"]
[White "Padmini, Rout"]
[Black "Kabanova, Ekaterina"]
[Result "1-0"]
[WhiteTitle "IM"]
[BlackTitle "WFM"]
[WhiteElo "2370"]
[BlackElo "2138"]
[WhiteFideId "5029295"]
[BlackFideId "24112917"]
[EventDate "2021.05.28"]

1. e4 c5 2. Nf3 e6 3. c3 Qc7 4. d4 a6 5. Be2 b5 6. O-O Bb7 7. d5 Nf6 8. dxe6
dxe6 9. e5 Nd5 10. a4 bxa4 11. Qxa4+ Nd7 12. Nbd2 Be7 13. Qg4 g6 14. Nc4 h5 15.
Qg3 h4 16. Qg4 N7b6 17. h3 Nxc4 18. Bxc4 Nb6 19. Bd3 c4 20. Be4 Nd5 21. Rd1 Qb6
22. Nd2 Qc7 23. Nf3 Qb6 24. Bg5 Bc5 25. Bxh4 Rb8 26. Nd4 Bxd4 27. Rxd4 Qxb2 28.
Rb1 Qxc3 29. Bxg6 Rg8 30. Qxe6+ 1-0

[Event "Women's Speed Chess Q1"]
[Site "chess.com INT"]
[Date "2021.05.28"]
[Round "6"]
[White "February, Jesse Nikki"]
[Black "Varney, Zoe"]
[Result "0-1"]
[WhiteTitle "WIM"]
[BlackTitle "WCM"]
[WhiteElo "1824"]
[BlackElo "1917"]
[WhiteFideId "14312336"]
[BlackFideId "436135"]
[EventDate "2021.05.28"]

1. e4 e5 2. Nf3 Nc6 3. Bb5 a6 4. Ba4 Nf6 5. Qe2 b5 6. Bb3 Be7 7. O-O O-O 8. c3
Bb7 9. Rd1 d6 10. d3 Na5 11. Bc2 c5 12. Nbd2 Rc8 13. Nf1 c4 14. Ng3 cxd3 15.
Rxd3 Qc7 16. Bg5 h6 17. Bxf6 Bxf6 18. Nf5 Rfd8 19. Rad1 Nc4 20. Bb1 Kh7 21. b3
g6 22. Nxh6 Kxh6 23. bxc4 bxc4 24. Qd2+ Kg7 25. Rxd6 Rxd6 26. Qxd6 Rd8 0-1

[Event "Women's Speed Chess Q1"]
[Site "chess.com INT"]
[Date "2021.05.28"]
[Round "6"]
[White "Eswaran, Aksithi"]
[Black "Zaksaite, Salomeja"]
[Result "0-1"]
[WhiteTitle "WCM"]
[BlackTitle "WIM"]
[WhiteElo "1745"]
[BlackElo "2202"]
[WhiteFideId "2083485"]
[BlackFideId "12801496"]
[EventDate "2021.05.28"]

1. e4 c5 2. Nf3 e6 3. d4 cxd4 4. Nxd4 Nf6 5. Nc3 Nc6 6. Bg5 Bb4 7. Be2 Qa5 8.
Nxc6 Bxc3+ 9. bxc3 Qxg5 10. Nd4 Qxg2 11. Bf3 Qh3 12. Qe2 O-O 13. Rg1 d6 14. Qe3
e5 15. Qg5 Ne8 16. Rg3 Qxh2 17. Nf5 Bxf5 18. exf5 f6 19. Qg4 Qh6 20. Ke2 Qf4 21.
Qh5 e4 22. Rh1 h6 23. Rh4 exf3+ 24. Kf1 Qc1# 0-1

[Event "Women's Speed Chess Q1"]
[Site "chess.com INT"]
[Date "2021.05.28"]
[Round "6"]
[White "Priyanka, K"]
[Black "Vine, Elzbieta"]
[Result "1-0"]
[WhiteTitle "WIM"]
[BlackTitle "WFM"]
[WhiteElo "2218"]
[BlackElo "2138"]
[WhiteFideId "5082986"]
[BlackFideId "1119320"]
[EventDate "2021.05.28"]

1. e4 c5 2. Nf3 Nc6 3. d4 cxd4 4. Nxd4 Nf6 5. Nc3 e5 6. Ndb5 d6 7. Bg5 a6 8. Na3
b5 9. Nd5 Be6 10. Bxf6 gxf6 11. c3 f5 12. exf5 Bxf5 13. Qf3 Be6 14. Nf6+ Ke7 15.
Qxc6 Kxf6 16. Nc2 Bh6 17. Rd1 Ke7 18. Nb4 a5 19. Qb7+ Kf8 20. Nc6 Qc8 21. Qe7+
Kg7 22. Bxb5 1-0

[Event "Women's Speed Chess Q1"]
[Site "chess.com INT"]
[Date "2021.05.28"]
[Round "6"]
[White "Pandey, Srishti"]
[Black "Kiran, Manisha Mohanty"]
[Result "0-1"]
[WhiteTitle "WFM"]
[BlackTitle "WGM"]
[WhiteElo "2026"]
[BlackElo "2168"]
[WhiteFideId "35093290"]
[BlackFideId "5019575"]
[EventDate "2021.05.28"]

1. d4 Nf6 2. c4 g6 3. Nc3 d5 4. Nf3 Bg7 5. Bf4 O-O 6. e3 c6 7. Rc1 Ne4 8. Be2
Qb6 9. Qc2 Bf5 10. Qb3 dxc4 11. Bxc4 Nxc3 12. bxc3 Nd7 13. O-O Qxb3 14. Bxb3 h6
15. Rfe1 Rfe8 16. e4 Bg4 17. Nd2 e5 18. Bg3 exd4 19. cxd4 Bxd4 20. Nc4 Nc5 21.
Nd6 Nxb3 22. axb3 Re7 23. b4 Be6 24. b5 c5 25. Bf4 Rd7 26. Nc4 Bxc4 27. Rxc4 g5
28. Bc1 b6 29. g3 a6 30. bxa6 Rxa6 31. Be3 b5 32. Rc2 Bxe3 33. Rxe3 c4 34. Kg2
Rc6 35. Re1 b4 36. Rb1 Rb7 37. Kf3 Kg7 38. Ke3 Kf6 39. Kd4 Rd7+ 40. Ke3 Rd3+ 41.
Ke2 b3 42. Rcc1 Rdd6 43. f3 Ke5 44. Rb2 Kd4 45. Rd2+ Kc5 46. Rb2 Kb4 47. Rcb1
Ra6 48. Ke3 Kc3 49. e5 Rd3+ 50. Ke4 Rd2 51. Rxd2 Kxd2 52. Kd4 Kc2 53. Rg1 b2 54.
Kxc4 b1=Q 55. Rxb1 Kxb1 56. Kd4 Kc2 57. Ke4 Kd2 58. h4 gxh4 59. gxh4 Ke2 60. f4
Kf2 61. f5 Kg3 62. h5 Kg4 63. f6 Kxh5 64. Kf5 Re6 65. Kf4 Kg6 66. Ke4 Kg5 0-1

[Event "Women's Speed Chess Q1"]
[Site "chess.com INT"]
[Date "2021.05.28"]
[Round "6"]
[White "Komiagina, Maria"]
[Black "Swati, Mohota"]
[Result "1-0"]
[WhiteTitle "WIM"]
[BlackTitle "WFM"]
[WhiteElo "2241"]
[BlackElo "2027"]
[WhiteFideId "4153987"]
[BlackFideId "5006511"]
[EventDate "2021.05.28"]

1. e4 Nf6 2. e5 Nd5 3. d4 b5 4. Bxb5 c5 5. c3 Qb6 6. Bc4 Bb7 7. Nf3 cxd4 8. Nxd4
e6 9. O-O Qc7 10. Qe2 Nc6 11. Bxd5 Nxd4 12. cxd4 Bxd5 13. Nc3 Bc4 14. Qf3 Rb8
15. Re1 Bb4 16. Qg3 Kf8 17. Bd2 Qb7 18. Rac1 Bxc3 19. Qxc3 Bd5 20. b3 Bxg2 21.
Re3 Bd5 22. Rg3 h6 23. Qc5+ Kg8 24. Qe7 Rf8 25. Qf6 Rh7 26. Bxh6 Kh8 27. Bxg7+
Kg8 28. Bh6+ 1-0

[Event "Women's Speed Chess Q1"]
[Site "chess.com INT"]
[Date "2021.05.28"]
[Round "6"]
[White "Sliwicka, Alicja"]
[Black "Vantika, Agrawal"]
[Result "1-0"]
[WhiteTitle "WIM"]
[BlackTitle "WIM"]
[WhiteElo "2346"]
[BlackElo "2286"]
[WhiteFideId "1150677"]
[BlackFideId "25050389"]
[EventDate "2021.05.28"]

1. e4 c5 2. Nf3 d6 3. d4 cxd4 4. Nxd4 Nf6 5. Nc3 a6 6. Nb3 g6 7. Bd3 Bg7 8. O-O
O-O 9. Re1 Nc6 10. Bg5 b5 11. Bf1 Bb7 12. Nd5 Nd7 13. c3 h6 14. Bh4 Re8 15. Qd2
Qb8 16. Rad1 Nde5 17. Nb6 Ra7 18. f4 Ng4 19. h3 Nf6 20. Bxf6 exf6 21. Qxd6 Qxd6
22. Rxd6 f5 23. e5 Bf8 24. Rdd1 Nb8 25. Nd7 Nxd7 26. Rxd7 Re7 27. Red1 Be4 28.
Rd8 Kg7 29. Nc5 Rec7 30. Nxe4 fxe4 31. Kf2 Bc5+ 32. Ke2 Re7 33. Rc8 Rac7 34.
Rxc7 Rxc7 35. Rd5 f6 36. e6 Kf8 37. g4 1-0

[Event "Women's Speed Chess Q1"]
[Site "chess.com INT"]
[Date "2021.05.28"]
[Round "6"]
[White "Nandhidhaa, P V"]
[Black "Michelle Catherina, P"]
[Result "1-0"]
[WhiteTitle "WGM"]
[BlackTitle "WIM"]
[WhiteElo "2365"]
[BlackElo "2176"]
[WhiteFideId "5050847"]
[BlackFideId "5005736"]
[EventDate "2021.05.28"]

1. b3 e5 2. Bb2 Nc6 3. Nf3 Bd6 4. c4 Qe7 5. Nc3 Nf6 6. e3 O-O 7. Be2 e4 8. Nh4
Be5 9. Nf5 Qe6 10. Ng3 Re8 11. O-O d6 12. Qb1 Bxg3 13. fxg3 a5 14. Nd5 Nxd5 15.
cxd5 Qxd5 16. Bc4 Qxd2 17. Bxf7+ Kf8 18. Bxe8+ Kxe8 19. Qxe4+ 1-0

[Event "Women's Speed Chess Q1"]
[Site "chess.com INT"]
[Date "2021.05.28"]
[Round "6"]
[White "Klinova, Masha"]
[Black "Cori T., Deysi"]
[Result "1-0"]
[WhiteTitle "IM"]
[BlackTitle "WGM"]
[WhiteElo "2275"]
[BlackElo "2388"]
[WhiteFideId "2802015"]
[BlackFideId "3801934"]
[EventDate "2021.05.28"]

1. e4 e6 2. Nf3 d5 3. Nc3 a6 4. d4 Ne7 5. Bd3 b5 6. a3 Bb7 7. e5 Nd7 8. Ne2 c5
9. c3 b4 10. O-O Qc7 11. axb4 cxb4 12. cxb4 Nc6 13. b5 Nb4 14. Nc3 Nxd3 15. Qxd3
Qb6 16. h3 Bb4 17. Bd2 h6 18. Nxd5 Bxd5 19. Bxb4 a5 20. Bd6 f5 21. Nh4 g5 22.
Nxf5 exf5 23. Qxf5 Qxd4 24. e6 Nf6 25. Qg6+ Kd8 26. Qg7 Rh7 27. Be7+ Ke8 28.
Qf8# 1-0

[Event "Women's Speed Chess Q1"]
[Site "chess.com INT"]
[Date "2021.05.28"]
[Round "6"]
[White "Belenkaya, Dina"]
[Black "Sukandar, Irine Kharisma"]
[Result "0-1"]
[WhiteTitle "WGM"]
[BlackTitle "IM"]
[WhiteElo "2304"]
[BlackElo "2413"]
[WhiteFideId "24142654"]
[BlackFideId "7101937"]
[EventDate "2021.05.28"]

1. e4 e5 2. Nf3 d6 3. d4 exd4 4. Nxd4 Nf6 5. Nc3 Be7 6. Be2 O-O 7. O-O Re8 8. a4
Bf8 9. f3 c5 10. Nb3 Nc6 11. Bg5 h6 12. Bh4 Be6 13. Nd5 g5 14. Bg3 Nxd5 15. exd5
Bxd5 16. Qxd5 Rxe2 17. Qd3 Re6 18. Rad1 Qf6 19. c3 Rae8 20. Nd2 Qg6 21. Qb5 Nd8
22. f4 f5 23. Qc4 Nf7 24. Rfe1 Rxe1+ 25. Bxe1 Qh5 26. Nf3 g4 27. Nh4 g3 28. Nf3
gxh2+ 29. Kh1 Re4 30. Qb3 Re2 31. Rxd6 Qg4 32. Nh4 Rxe1+ 33. Kxh2 Qxh4# 0-1

[Event "Women's Speed Chess Q1"]
[Site "chess.com INT"]
[Date "2021.05.28"]
[Round "6"]
[White "Kanyamarala, Trisha"]
[Black "Girya, Olga"]
[Result "0-1"]
[WhiteTitle "WIM"]
[BlackTitle "WGM"]
[WhiteElo "2180"]
[BlackElo "2451"]
[WhiteFideId "45004722"]
[BlackFideId "4195752"]
[EventDate "2021.05.28"]

1. d4 d5 2. c4 e6 3. Nc3 Nf6 4. cxd5 exd5 5. Bg5 Bb4 6. e3 h6 7. Bh4 g5 8. Bg3
Ne4 9. Rc1 h5 10. f3 Nxg3 11. hxg3 c6 12. Bd3 Qe7 13. Kf2 Nd7 14. Nge2 Nf6 15.
Qd2 Be6 16. Qc2 Kf8 17. g4 h4 18. Bf5 Re8 19. Nd1 Kg7 20. g3 hxg3+ 21. Nxg3 Rxh1
22. Nxh1 Rh8 23. Kg2 Bd6 24. Kg1 Nd7 25. Qd3 Nf8 26. Rc2 Qf6 27. Rg2 Ng6 28.
Ndf2 Nh4 29. f4 Nxg2 30. Kxg2 gxf4 31. exf4 Bxf5 32. gxf5 Qh4 33. Qf3 Qxf4 34.
Qxf4 Bxf4 35. Kf3 Bc1 36. b3 Bb2 37. Ke3 Rh4 0-1

[Event "Women's Speed Chess Q1"]
[Site "chess.com INT"]
[Date "2021.05.28"]
[Round "6"]
[White "Osmak, Iulija"]
[Black "Obregon Garcia, Roxangel"]
[Result "1-0"]
[WhiteTitle "IM"]
[BlackTitle "WIM"]
[WhiteElo "2425"]
[BlackElo "2167"]
[WhiteFideId "14101602"]
[BlackFideId "3520420"]
[EventDate "2021.05.28"]

1. e4 c5 2. b3 Nc6 3. Bb2 d6 4. Bb5 Nf6 5. Bxc6+ bxc6 6. d3 g6 7. f4 Bg7 8. Nf3
O-O 9. O-O h5 10. Nbd2 a5 11. a4 d5 12. e5 Ng4 13. Qe2 Rb8 14. h3 Nh6 15. Qf2
Nf5 16. Qxc5 Bd7 17. Bc3 Ra8 18. Nd4 Qc8 19. Nxf5 Bxf5 20. Qxe7 c5 21. Qg5 Kh7
22. Nf3 d4 23. Bd2 Qc6 24. Nh4 f6 25. Qg3 fxe5 26. fxe5 Qe6 27. Nf3 Kh8 28. Rae1
Rae8 29. Bxa5 Qd5 30. Bc7 Bh6 31. Bd6 Rf7 32. Ng5 Rd7 33. h4 Rg7 34. e6 Bxg5 35.
hxg5 Rb7 36. Qe5+ Qxe5 37. Rxe5 Rxe6 38. Rxe6 Bxe6 39. Bxc5 Rc7 40. Bxd4+ Kg8
41. Rf2 Bf5 42. a5 Re7 43. a6 Re1+ 44. Rf1 1-0

[Event "Women's Speed Chess Q1"]
[Site "chess.com INT"]
[Date "2021.05.28"]
[Round "6"]
[White "Eswaran, Ashritha"]
[Black "Pourkashiyan, Atousa"]
[Result "1-0"]
[WhiteTitle "WIM"]
[BlackTitle "WGM"]
[WhiteElo "2244"]
[BlackElo "2322"]
[WhiteFideId "2080788"]
[BlackFideId "12502014"]
[EventDate "2021.05.28"]

1. e4 c5 2. Nf3 e6 3. d4 cxd4 4. Nxd4 a6 5. c4 Nf6 6. Nc3 Bb4 7. Qc2 Qc7 8. a3
Bxc3+ 9. Qxc3 O-O 10. f3 d5 11. cxd5 Qxc3+ 12. bxc3 exd5 13. exd5 Nxd5 14. c4
Re8+ 15. Kf2 Nc7 16. Rb1 Nc6 17. Nxc6 bxc6 18. Bd3 a5 19. Bf4 Ne6 20. Be3 Ba6
21. Rb6 Rec8 22. Rc1 h6 23. Be4 Nd8 24. g4 Rcb8 25. c5 Bb5 26. Rb1 Rxb6 27. cxb6
Rb8 28. Bf4 Rc8 29. a4 Ba6 30. Bc7 Bb7 31. Rc1 g6 32. Rc5 Ne6 33. Rxa5 Nxc7 34.
bxc7 Rxc7 35. Ra7 f5 36. gxf5 gxf5 37. Bxf5 Kg7 38. Be4 Kf6 39. a5 Rd7 40. a6
Rd2+ 41. Ke3 Ra2 42. axb7 Rb2 43. Bxc6 1-0